| 000 | 00848nam a2200217Ia 4500 | ||
|---|---|---|---|
| 003 | GCL | ||
| 008 | 140319s9999 xx 000 0 ara d | ||
| 020 | _a7031099906 | ||
| 040 |
_aGCL / _cGCL |
||
| 082 | 0 | 4 |
_aد _b050 _bك ث |
| 100 | 1 | _aحسام الدين زكريا | |
| 245 | 1 | 0 |
_aثورة الانفوميديا ( عالم المعرفة 253 ) : _bالوسائط المعلوماتية وكيف تغير عالمنا وحياتك ؟ / _cحسام الدين زكريا |
| 700 | 1 | _aكيلش ، فرانك | |
| 260 |
_aالكويت : _bالمجلس الوطنى للثقافة والفنون والاداب ، _c2000 |
||
| 300 |
_a543 ؛ _c20 سم |
||
| 490 |
_aعالم المعرفة _v253 |
||
| 650 | 0 | 4 | _aالتكنولوجيا |
| 650 | 0 | 4 | _aالمعلومات |
| 650 | 0 | 4 | _aالاتصالات الالكترونية |
| 942 |
_2ddc _cBK |
||
| 999 |
_c49523 _d49523 |
||